Kino´s historical memoir of Pimería Alta (Record no. 10652)
[ view plain ]
| 000 -CABECERA | |
|---|---|
| campo de control de longitud fija | 01250nam a2200277 a 4500 |
| 001 - NÚMERO DE CONTROL | |
| campo de control | BRL_1844 |
| 005 - FECHA Y HORA DE LA ÚLTIMA TRANSACCIÓN | |
| campo de control | 20190320211408.0 |
| 008 - DATOS DE LONGITUD FIJA--INFORMACIÓN GENERAL | |
| campo de control de longitud fija | 100815s1948----u--b######---#000-0#eng-# |
| 041 ## - CÓDIGO DE LENGUA | |
| Código de lengua del texto/banda sonora o título independiente | eng |
| 044 ## - CÓDIGO DEL PAÍS DE LA ENTIDAD EDITORA/PRODUCTORA | |
| Código MARC del país | u |
| 050 #4 - SIGNATURA TOPOGRÁFICA DE LA BIBLIOTECA DEL CONGRESO | |
| Número de clasificación | F799 |
| Número de documento/Ítem | .K56 1948 |
| 100 1# - ENTRADA PRINCIPAL--NOMBRE DE PERSONA | |
| Nombre de persona | Kino, Eusebio Francisco |
| Fechas asociadas al nombre | 1644-1711 |
| 9 (RLIN) | 27496 |
| 245 10 - MENCIÓN DE TÍTULO | |
| Título | Kino´s historical memoir of Pimería Alta |
| Resto del título | contemporary account of the beginnings of California, Sonora, and Arizona |
| Mención de responsabilidad, etc. | by Father Eusebio Francisco Kino, S. J., pioneer missionary explorer, cartographer, and ranchman, 1683-1711; pub. for the first time from the original manuscript in the archives of Mexico; tr. into English, ed. and annotated, by Herbert Eugene Bolton ... |
| 260 ## - PUBLICACIÓN, DISTRIBUCIÓN, ETC. | |
| Lugar de publicación, distribución, etc. | Berkeley |
| Nombre del editor, distribuidor, etc. | University of California Press |
| Fecha de publicación, distribución, etc. | 1948 |
| 300 ## - DESCRIPCIÓN FÍSICA | |
| Extensión | 2 v. en 1 |
| Otras características físicas | il., mapas |
| Dimensiones | 22 cm. |
| 500 ## - NOTA GENERAL | |
| Nota general | Au2053 |
| 504 ## - NOTA DE BIBLIOGRAFÍA, ETC. | |
| Nota de bibliografía, etc. | Bibliografía : v.2, p. 279-296 |
| 650 14 - PUNTO DE ACCESO ADICIONAL DE MATERIA--TÉRMINO DE MATERIA | |
| Término de materia o nombre geográfico como elemento de entrada | Jesuitas |
| Subdivisión geográfica | Pimería Alta (México y Arizona) |
| 9 (RLIN) | 28026 |
| 650 14 - PUNTO DE ACCESO ADICIONAL DE MATERIA--TÉRMINO DE MATERIA | |
| Término de materia o nombre geográfico como elemento de entrada | Misiones |
| Subdivisión geográfica | Pimería Alta (México y Arizona) |
| 9 (RLIN) | 28027 |
| 650 14 - PUNTO DE ACCESO ADICIONAL DE MATERIA--TÉRMINO DE MATERIA | |
| Término de materia o nombre geográfico como elemento de entrada | Pimas |
| 9 (RLIN) | 28028 |
| 651 #4 - PUNTO DE ACCESO ADICIONAL DE MATERIA--NOMBRE GEOGRÁFICO | |
| Nombre geográfico | Pimería Alta (México y Arizona) |
| 9 (RLIN) | 28029 |
| 651 #4 - PUNTO DE ACCESO ADICIONAL DE MATERIA--NOMBRE GEOGRÁFICO | |
| Nombre geográfico | California (Estados Unidos) |
| Subdivisión general | Descripción y viajes |
| 9 (RLIN) | 28030 |
| 700 1# - PUNTO DE ACCESO ADICIONAL--NOMBRE DE PERSONA | |
| Nombre de persona | Bolton, Herbert Eugene |
| Fechas asociadas al nombre | 1870-1953 |
| 9 (RLIN) | 28031 |
| 902 ## - CATALOGADOR | |
| Iniciales | GRL |
| 942 ## - ELEMENTOS DE PUNTO DE ACCESO ADICIONAL (KOHA) | |
| Fuente del sistema de clasificación o colocación | Library of Congress Classification |
| Tipo de ítem Koha | Libros |
| Estado de retiro | Estado de pérdida | Estado dañado | No para préstamo | Localización permanente | Ubicación/localización actual | Fecha de adquisición | Número de inventario | Total de préstamos | Signatura topográfica completa | Código de barras | Fecha visto por última vez | Precio válido a partir de | Tipo de ítem Koha |
|---|---|---|---|---|---|---|---|---|---|---|---|---|---|
| El ejemplar forma parte de la colección y puede ser consultado según las políticas vigentes. | Biblioteca Centro de Estudios Ruth D. Lechuga | Biblioteca Centro de Estudios Ruth D. Lechuga | 10/08/2015 | Au2053 | F799 .K56 1948 (Au2053) | GRL02027 | 22/03/2019 | 22/03/2019 | Libros |